000 00703nam a2200205 a 4500
001 000015929
005 20200929164215.0
008 100222s2001 dr 000 0 spa d
020 _a9993444081
040 _aDO-SdBNP
_bspa
_cBNPHU
082 _a344.01
_bR426c
245 0 0 _aCódigo de trabajo y reglamento de la República Dominicana /
_cedición Héctor Bienvenido Guzmán.
250 _a3a ed. de bolsillo
260 _aMoca, República Dominicana :
_bDalis,
_c2001.
300 _a280 p. ;
_c15 cm.
500 _aIncluye índice temático
650 4 _aDerecho laboral
_xLegislación
_zRepública Dominicana
_97806
650 4 _aLegislación laboral
_zRepública Dominicana
_911733
049 _aBNPD
999 _c15471
_d15471